A practical guide to rubber planting and processing (Record no. 39577)

MARC details
000 -LEADER
fixed length control field 00727nam a2200277Ia 4500
082 ## - DEWEY DECIMAL CLASSIFICATION NUMBER
Classification number NR:633.912.11
Item number LIY
245 #2 - TITLE STATEMENT
Title A practical guide to rubber planting and processing
260 ## - PUBLICATION, DISTRIBUTION, ETC. (IMPRINT)
Place of publication Sri Lanka
Name of publisher RRISL
Year of publication 1984
650 ## - SUBJECT ADDED ENTRY--TOPICAL TERM
Topical Term Budgrafting
650 ## - SUBJECT ADDED ENTRY--TOPICAL TERM
Topical Term Budwood nurseries
650 ## - SUBJECT ADDED ENTRY--TOPICAL TERM
Topical Term Clone identification
650 ## - SUBJECT ADDED ENTRY--TOPICAL TERM
Topical Term Cyclized Rubber
650 ## - SUBJECT ADDED ENTRY--TOPICAL TERM
Topical Term Deproteinized NR
650 ## - SUBJECT ADDED ENTRY--TOPICAL TERM
Topical Term Effluent disposal
650 ## - SUBJECT ADDED ENTRY--TOPICAL TERM
Topical Term Intercropping
650 ## - SUBJECT ADDED ENTRY--TOPICAL TERM
Topical Term Mineral deficiencies
650 ## - SUBJECT ADDED ENTRY--TOPICAL TERM
Topical Term Panel disease
650 ## - SUBJECT ADDED ENTRY--TOPICAL TERM
Topical Term Rainguard
650 ## - SUBJECT ADDED ENTRY--TOPICAL TERM
Topical Term Root diseases
650 ## - SUBJECT ADDED ENTRY--TOPICAL TERM
Topical Term SALB
650 ## - SUBJECT ADDED ENTRY--TOPICAL TERM
Topical Term Tapping
700 ## - ADDED ENTRY--PERSONAL NAME
Personal name Liyanage, A de S
700 ## - ADDED ENTRY--PERSONAL NAME
Personal name Peries, O S
942 ## - ADDED ENTRY ELEMENTS (KOHA)
Koha item type Books
Holdings
Withdrawn status Lost status Damaged status Not for loan Home library Current library Date acquired Full call number Accession Number Koha item type
        RRII Library RRII Library 16/12/2021 NR:633.912.11 LIY 19908 Books